South Eastern Kenya University

Library Online Public Access Catalogue


Introductory statistics. (Record no. 10720)

MARC details
000 -LEADER
fixed length control field 00475cam a2200169 a 4500
020 ## - ISBN
International Standard Book Number 0201771306
020 ## - ISBN
International Standard Book Number 0201771314
050 00 - LIBRARY OF CONGRESS CALL NUMBER
Classification Number QA276.12
Item Number .W45 2005
100 1# - MAIN ENTRY--Author
Personal name Weiss, N. A.
245 10 - TITLE
Title Introductory statistics.
250 ## - EDITIONSTATEMENT
Edition statement 7th ed. /
Remainder of edition statement Neil A. Weiss ; biographies by Carol A. Weiss.
260 ## - PUBLICATION, DISTRIBUTION, ETC.(IMPRINT)
Place of publication, distribution, etc Boston :
Name of publisher, distributor, etc Pearson Addison Wesley,
Date of publication, distribution, etc c2005.
300 ## - PHYSICAL DESCRIPTION
Extent xxix, 846, 87, 8, 1 p. :
500 ## - GENERALNOTE
General note Includes indexes.
650 ## - SUBJECT--TOPIC
General subdivision Statistics.
942 ## - ADDED ENTRY ELEMENTS(KOHA)
Source of classification or shelving scheme Library of Congress Classification
Koha item type General circulation
Holdings
Source of classification or shelving scheme Not for loan Location (home branch) Sublocation (holding branch) Shelving location Date accessioned Cost, normal purchase price Full call number Barcode Cost, replacement price Nonpublic note Koha item type Public note
Library of Congress Classification   Mtito Andei Centre Library Mtito Andei Centre Library   10/02/2016 1489.00 QA276.12 .W45 2005 2015/009239 1637.00 Nzk General circulation Nzk
Kitui, Kenya.
+254736116989
library@seku.ac.ke